| 000 | 005540000a22001690004500 | ||
|---|---|---|---|
| 005 | 20231225201648.0 | ||
| 008 | 230817t ||||| |||| 00| 0 eng d | ||
| 082 |
_a323 _bUNI |
||
| 110 | _aThe University teachers for human rights (Jaffna) | ||
| 245 |
_aJaffna: _bthe contest between man & the beast within |
||
| 260 |
_aThirunelveli: _bThe University teachers for human rights (Jaffna), _c1996 |
||
| 300 | _a36 p. | ||
| 490 | _aspecial report No.7 | ||
| 650 | _aHUMAN RIGHTS | ||
| 856 | _uhttps://noolaham.net/project/868/86706/86706.pdf | ||
| 942 | _cRP | ||
| 999 |
_c3039 _d3039 |
||